000 00519nam a22002057a 4500
003 OSt
005 20241030083412.0
008 210219b ||||| |||| 00| 0 eng d
040 _aeng
_beng
_cDLC
041 _aeng
_htur
080 _a006.9
_bA-29
100 _91008
_aAkgul, Cevdet. Z.
245 _aThe Basilica Cistern
_b: English Guide
_c/ by: Aytur
260 _aIstanbul
_bAytur
_c1994
300 _a48 p.
_bill.
365 _b5 usd
650 0 _9516
_aMuseum
653 _aმუზეუმი
942 _2udc
_cBK
999 _c1587
_d1587